Facultad de Derecho – Universidad Nacional de Mar del Plata

Constitucionalismo y Derechos de los Pueblos Indìgenas (Record no. 4133)

MARC details
000 -CABECERA
campo de control de longitud fija 00513nam a22001697a 4500
020 ## - NUMERO INTERNACIONAL NORMALIZADO PARA LIBROS (ISBN)
International Standard Book Number 9789870325154
080 ## - NUMERO DE CLASIFICACION DECIMAL UNIVERSAL (CDU)
Número de la Clasificación Decimal Universal 342.72/ 73 R 145
100 ## - ASIENTO PRINCIPAL--NOMBRE PERSONAL
Nombre personal Ramìrez, Silvia
245 ## - MENCION DE TITULO
Título propiamente dicho Constitucionalismo y Derechos de los Pueblos Indìgenas
260 ## - PUBLICACION, DISTRIBUCION, ETC. (PIE DE IMPRENTA)
Lugar de publicación, distribución, etc. Buenos Aires
Nombre del editor, distribuidor, etc. La Ley; departamento de Publicaciones de la Facultad de Derecho
Fecha de publicación, distribución, etc. 2013
300 ## - DESCRIPCION FISICA
Extensión 176 P.
Dimensiones 24 X 17 Cm.
650 ## - ASIENTO SECUNDARIO DE MATERIA - TERMINO TEMATICO
Subdivisión general derechos humanos
650 ## - ASIENTO SECUNDARIO DE MATERIA - TERMINO TEMATICO
Subdivisión general pueblos originarios
650 ## - ASIENTO SECUNDARIO DE MATERIA - TERMINO TEMATICO
Subdivisión general recursos naturales
945 ## - INFORMACION DE PROCESAMIENTO LOCAL
Responsable de carga/modificación Celeste Delía
AAAA-MM-DD - Fecha de ingreso/modificación 2015-08-25
942 ## - ELEMENTOS AGREGADOS (KOHA)
Clasificación normalizada de Koha para alfabetizar _
Holdings
Retirado Perdido Fuente de clasificación Dañado No se presta Ubicación permanente Locación actual Estante o sala Fecha de adquisición Total préstamos Total renovaciones Signatura topográfica Inventario Ultima fecha vista Ultima fecha prestado Fecha del precio Tipo de item de Koha
          Bib. Derecho Bib. Derecho Sector Prestamo 25/08/2015 2 1 342.72/ 73 R 145 203156 11/10/2019 07/10/2019 25/08/2015 LIBRO

XHTML | CSS | ©Biblioteca Central - Dto. Tecnología de la Información - [ Con tecnología Koha ]